Emigration and economic development : the case of the Yemen Arab Republic /

Bibliographic Details
Main Author: Swanson, Jon C.
Format: Book
Language:English
Published: Boulder, Colo. : Westview Press, 1979.
Series:A Westview replica edition
Subjects:

MARC

Tag First Indicator Second Indicator Subfields
LEADER 00000pam a2200000 i 4500
001 in00000047684
005 20151007073450.0
008 790702s1979 coua b 00110 eng
010 |a  79005155  
020 |a 0891586903 :  |c $15.00 
035 |a (OCoLC)05171871 
035 |9 AAE9770AM 
040 |a DLC  |c DLC  |d TXA  |d UtOrBLW 
043 |a a-ye--- 
049 |a TXAM  |c [980551] 
050 0 0 |a HC497.Y4  |b S8 
082 0 |a 330.9/53/3205 
100 1 |a Swanson, Jon C. 
245 1 0 |a Emigration and economic development :  |b the case of the Yemen Arab Republic /  |c Jon C. Swanson. 
264 1 |a Boulder, Colo. :  |b Westview Press,  |c 1979. 
300 |a xii, 108 pages :  |b illustrations ;  |c 24 cm. 
336 |a text  |b txt  |2 rdacontent 
337 |a unmediated  |b n  |2 rdamedia 
338 |a volume  |b nc  |2 rdacarrier 
490 0 |a A Westview replica edition 
500 |a Includes index. 
504 |a Bibliography: pages 99-103. 
650 0 |a Emigrant remittances  |z Yemen. 
651 0 |a Yemen (Republic)  |x Economic conditions. 
651 0 |a Yemen (Republic)  |x Emigration and immigration. 
999 |a MARS 
999 f f |s 35f1a696-db00-38fa-9b01-07ae0ad54d9f  |i 4cf7ca7e-90d4-3690-8a78-bec173305c69  |t 0 
952 f f |p ric  |a Texas A&M University  |b Rellis Campus  |c Joint Library Facility  |d Remote Storage  |t 0  |e HC497.Y4 S8  |h Library of Congress classification  |i unmediated -- volume  |m A14802603893 
998 f f |a HC497.Y4 S8  |t 0  |l Remote Storage